000 00650nam a2200241Ia 4500
001 25910
005 20240114000902.0
007 ta
008 060502s g b000 u 465 u
040 _aCotton College,Assam
041 _a465
082 _a823.1
_bB 956 B
100 _aBurton, Richard. F. .
245 0 _aThe Book of the Thousand Nights and a Night Vol. II /
_cRichard. F. Burton.
_hTextual Documents
250 _a1st ed. /
260 _aLondon :
_bBurton Club ,
_cnd.
300 _a343p. ;
_c25cm.
653 _aEnglish fiction
653 _aG-English
942 _2ddc
_cBK
999 _c25892
_d25892